00629nam a2200205Ia 4500001001000000003000500010008004100015010001100056040000900067082002400076111010500100245003800205260003000243300001100273650003000284650002100314650002500335650002700360710003600387Para_1735CHAP220125s1998 xx 000 0 und d a200353 cCHAP aPA 630.9725 C6 1998 aCongreso Estatal de Investigación en Educación, Ciencia y Tecnología (2:1998:Chapingo, Méx.) aLibro de resúmenes /c por UACh aChapingo, Méx. :b UACh a133 p. aAgricultura x congresos  aBiotecnología  aCiencia x congresos aEcología agrícola 2 aUniversidad Autónoma Chapingo